| 000 | 00435nam a22001697a 4500 | ||
|---|---|---|---|
| 005 | 20250714114828.0 | ||
| 008 | 250714b |||||||| |||| 00| 0 eng d | ||
| 020 | _a9781617292231 | ||
| 082 |
_a005.8 _bBHA-G |
||
| 100 | _aBhargava, Aditya Y. | ||
| 245 | _aGrokking Algorithms / | ||
| 260 |
_ausa: _belsevier; _c2018. |
||
| 300 |
_axiv, 238 p. : _bill; _c24 cm. |
||
| 500 | _ainclude index. | ||
| 650 | _aDataScience | ||
| 999 |
_c36975 _d36975 |
||